A demanda do Graal (Registo nº 2026)
[ vista simples ]
| 000 -Etiqueta do registo | |
|---|---|
| Cabeçalho | 00867nam a22002771 4500 |
| 005 - Identificador da versão | |
| Campo de controlo | 20240827113349.0 |
| 010 ## - Número internacional normalizado dos livros (ISBN) | |
| Número (ISBN) | 9724300080 |
| 021 ## - Número do Depósito Legal | |
| Código do país | PT |
| Número | 30120/89 |
| 100 ## - Dados gerais de processamento | |
| Dados gerais de processamento | 20030930d1989 am y0pory5003 ba |
| 101 1# - Língua de publicação | |
| Língua do texto, banda sonora, etc. | Português |
| Língua do documento no original | Francês |
| 102 ## - Pais de publicação ou produção | |
| País de publicação | Portugal |
| 105 ## - Campo de dados codificados: livros | |
| Dados codificados dos livros | a z 001ay |
| 106 ## - Campo de dados codificados: material textual | |
| Dados codificados do material textual | r |
| 200 1# - Titulo e menção de responsabilidade | |
| Título próprio | A demanda do Graal |
| Informação de outro título | os Cavaleiros da Távola Redonda |
| Primeira menção de responsabilidade | François Johan, Nathaële Vogel |
| Outras menções de responsabilidade | trad. Raquel Mourão |
| -- | adapt. Martins da Rocha |
| 210 ## - Publicação, Distribuição, etc. | |
| Lugar da edição, distribuição, etc. | Lisboa |
| Nome do editor, distribuidor, etc. | Edinter |
| Data da publicação, distribuição, etc. | 1989 |
| 215 ## - Descrição física | |
| Indicação específica da natureza do documento e extensão da espécie | 141 p. |
| Outras indicações físicas | il. |
| Dimensões | 22 cm |
| 225 2# - Colecção | |
| Título próprio da colecção | Epopeia |
| Indicação de volume | 6 |
| 606 ## - Nome comum usado como assunto | |
| Número de registo de entrada de autoridade | 0000479 |
| Palavra de ordem | Literatura estrangeira juvenil |
| Subdivisão de assunto | Romance de aventuras |
| 675 ## - Classificação Decimal Universal (CDU) | |
| Notação | 82-311.3 |
| Edição | 2ª |
| Língua da edição | por |
| 700 #1 - Nome de autor-pessoa física (responsabilidade principal) | |
| Número de registo de entrada de autoridade | 0000724 |
| Palavra de ordem | Johan |
| Outra parte do nome não tomada para palavra de ordem | François |
| Datas | 1946- |
| 701 #1 - Nome de autor-pessoa física (co-responsabilidade principal) | |
| Palavra de ordem | Vogel |
| Outra parte do nome não tomada para palavra de ordem | Nathaële |
| Código de função | Ilustrador / Técnico de desenho computorizado |
| 702 #1 - Nome de autor-pessoa física (responsabilidade secundária) | |
| Número de registo de entrada de autoridade | 0000726 |
| Palavra de ordem | Mourão |
| Outra parte do nome não tomada para palavra de ordem | Raquel |
| Código de função | Tradutor |
| Número de registo de entrada de autoridade | 0000478 |
| Palavra de ordem | Rocha |
| Outra parte do nome não tomada para palavra de ordem | Martins da |
| Código de função | Adaptador |
| 942 ## - Elementos de entrada adicionados (Koha) | |
| Tipo de item no Koha | Livro |
| Situação do levantamento | Origin of item (home branch) (coded) | Biblioteca de empréstimo | Código de barras | Cota | Circulation type (not for loan) | Tipo de documento | Nota do exemplar | Damaged status |
|---|---|---|---|---|---|---|---|---|
| Biblioteca Escolar da Coca Maravilhas | Biblioteca Escolar da Coca Maravilhas | BECM6292/03 | 8EST JOH | Livro | Sem mensagem |
